Podnikové řízení výběr literatury 1982
Na minha lista:
| Autor principal: | |
|---|---|
| Formato: | Livro |
| Idioma: | tcheco |
| Publicado em: |
Praha
Státní knihovna ČSR
1983
|
| Tags: |
Sem tags, seja o primeiro a adicionar uma tag!
|
MARC
| LEADER | 00000nam a2200000 4500 | ||
|---|---|---|---|
| 001 | c112533 | ||
| 005 | 20041019155153.2 | ||
| 041 | 0 | |a cze | |
| 044 | |a CZ | ||
| 245 | 1 | 0 | |a Podnikové řízení |b výběr literatury 1982 |c Anežka Tesařová |
| 264 | 1 | |a Praha |b Státní knihovna ČSR |c 1983 | |
| 300 | |a 63 s. | ||
| 100 | 1 | |a Tesařová, Anežka | |